Fish gears of the cambodian mekong (Record no. 9524)
[ view plain ]
| 000 -LEADER | |
|---|---|
| fixed length control field | 00221nam a22001097a 4500 |
| 040 ## - CATALOGING SOURCE | |
| Transcribing agency | SY |
| 082 ## - DEWEY DECIMAL CLASSIFICATION NUMBER | |
| Classification number | 344 |
| 100 ## - MAIN ENTRY--AUTHOR NAME | |
| Personal name | DEAP LOEUNG |
| 245 ## - TITLE STATEMENT | |
| Title | Fish gears of the cambodian mekong |
| 260 ## - PUBLICATION, DISTRIBUTION, ETC. (IMPRINT) | |
| Place of publication | RUA |
| Name of publisher | DEA |
| Year of publication | 2003 |
| 942 ## - ADDED ENTRY ELEMENTS (KOHA) | |
| Koha item type | សៀវភៅភាសាអង់គ្លេស |
| 952 ## - LOCATION AND ITEM INFORMATION (KOHA) | |
| Withdrawn status [LOCAL, KOHA] | 0 |
| Permanent Location | Date acquired | Koha item type | Lost status | Shelving location | Barcode | Current Location | Full call number |
|---|---|---|---|---|---|---|---|
| Library Block C | 2016-09-02 | សៀវភៅភាសាអង់គ្លេស | C193 | RUA047821 | Library Block C | 344 DEA 2003 C193 |